000 00284nam a22001337a 4500
008 181015b xxu||||| |||| 00| 0 eng d
020 _a9781933107653
041 _aeng
080 _a612 39
100 _a10
101 _aNut
245 _aNutrition
_cLawier.k.m
942 _2udc
_cBK
999 _c49798
_d49798